000 00803cam a22002773a 4500
001 1195
003 PGUSA
005 20140828082958.0
008 980201s1998||||xxu|||||s|||||000 1 eng d
040 _aPGUSA
_beng
042 _adc
050 4 _aPS
100 1 _aJames, Henry,
_d1843-1916
245 1 0 _aGlasses
_h[electronic resource] /
_cHenry James
260 _bProject Gutenberg,
_c1998
506 _aPublic domain in the USA.
516 _aElectronic text
653 _aMan-woman relationships -- Fiction
653 _aPride and vanity -- Psychological aspects -- Fiction
653 _aBlindness -- Fiction
653 _aYoung women -- Fiction
653 _aEyeglasses -- Fiction
830 0 _aProject Gutenberg
_v1195
856 4 0 _uhttp://www.gutenberg.org/ebooks/1195
942 _cEB
999 _c230543
_d230543